000 00841nac a22002537a 4500
001 BR6001283
003 BR-BrBNA
005 20240105113002.0
008 230509b bl.|||m| |||| 00| 0 por d
040 _aBR-BrBNA
_bpor
_cBiblioteca Nacional de Agricultura
072 _aD10; A00
090 _aD10 BR6001283
100 1 _aCosta, F.
110 1 _aMinisterio da Agricultura, Rio de Janeiro, GB (Brasil)
_96904
245 1 _aAs atividades do Ministerio da Agricultura em 1940 [Brasil]
_bv. 1
260 3 _aRio de Janeiro, GB (Brasil):
_bServico de Informacao Agricola,
_c1941.
300 _a508 p.
490 _aAtividades - Ministerio da Agricultura (Brazil)
_v
_x
650 _aAdministracao
650 _aAgricultura
650 _aInstituicao agricola
909 _a202312
_bLúcia Elande
_c55
_dLúcia Elande
942 _2AGRIS
_n0
_cMS
999 _c261281
_d261281